[Event "VI Weekend A"]
[Site "Ceriano Laghetto ITA"]
[Date "1997.02.??"]
[Round "3"]
[White "Marinescu, Marian"]
[Black "Giretti Kanev, Jasen"]
[Result "1-0"]
[WhiteElo "2115"]
[BlackElo "2165"]
[PlyCount "110"]
[EventDate "1997.02.01"]

1. d4 Nf6 2. Nf3 e6 3. Bg5 Be7 4. e3 b6 5. Bd3 Bb7 6. Nbd2 c5 7. c3 O-O 8. Qe2
d5 9. dxc5 bxc5 10. e4 h6 11. Bh4 Nc6 12. O-O Re8 13. Rfe1 Qd7 14. Bb5 a6 15.
Ba4 Nd4 16. Qd1 Bc6 17. Bxc6 Nxc6 18. Qa4 Qb7 19. exd5 exd5 20. Qc2 Rad8 21.
Rad1 Qc8 22. h3 Qb7 23. Ne5 Nxe5 24. Rxe5 Nh7 25. Rde1 g5 26. Bg3 Qd7 27. Qd3
c4 28. Qe2 Nf6 29. Rxe7 Rxe7 30. Qxe7 Re8 31. Qxf6 Rxe1+ 32. Kh2 Qe6 33. Qd8+
Kg7 34. Nf3 Rb1 35. Qb8 f6 36. Bd6 Rf1 37. Nd4 Qf7 38. f4 gxf4 39. Qc8 Rf2 40.
Ne6+ Kh7 41. Nxf4 Rxb2 42. Qf5+ Kg8 43. Nxd5 Rxa2 44. Nxf6+ Kg7 45. Nh5+ Kg8
46. Qg4+ Kh7 47. Be5 Rf2 48. Nf4 a5 49. Kg1 Rb2 50. Nd5 Rb1+ 51. Kh2 Rf1 52.
Qe4+ Qf5 53. Nf6+ Kg6 54. Qd4 Qe6 55. Nd5 Kh7 1-0

[Event "VI Weekend A"]
[Site "Ceriano Laghetto ITA"]
[Date "1997.02.??"]
[Round "3"]
[White "Perissinotto, Claudio"]
[Black "Colombo, Alberto"]
[Result "0-1"]
[WhiteElo "2029"]
[BlackElo "2100"]
[PlyCount "64"]
[EventDate "1997.02.01"]

1. d4 Nf6 2. Nd2 e6 3. e3 Be7 4. Bd3 b6 5. Ngf3 Bb7 6. O-O O-O 7. Qe2 d5 8. Ne5
Nbd7 9. f4 c5 10. c3 a6 11. g4 Ne4 12. Qf3 f5 13. g5 Nxe5 14. dxe5 Qc7 15. Qh3
Nxd2 16. Bxd2 Rad8 17. Rac1 Qc6 18. Be2 Qa4 19. a3 Qb3 20. Rb1 Qc2 21. Rfd1 Bc6
22. Qf1 c4 23. b3 b5 24. b4 h6 25. h4 hxg5 26. hxg5 Kf7 27. Rbc1 Qb2 28. Rb1
Qxa3 29. Rdc1 Rh8 30. Qe1 d4 31. Ra1 Rh1+ 32. Kf2 Qb2 0-1

[Event "VI Weekend A"]
[Site "Ceriano Laghetto ITA"]
[Date "1997.02.??"]
[Round "3"]
[White "Tomasini, Giovanni"]
[Black "Berra, Davide"]
[Result "0-1"]
[WhiteElo "1996"]
[BlackElo "1986"]
[PlyCount "150"]
[EventDate "1997.02.01"]

1. e4 e6 2. Nf3 d5 3. Nc3 Nf6 4. e5 Nfd7 5. d4 a6 6. Bd3 c5 7. Be3 Nc6 8. dxc5
Ncxe5 9. Nxe5 Nxe5 10. Be2 Nc6 11. Bf3 Be7 12. O-O Bf6 13. Na4 O-O 14. c3 Be5
15. Nb6 Rb8 16. Re1 Qf6 17. Qe2 Rd8 18. Rad1 Bc7 19. Bd4 Nxd4 20. Rxd4 Bxb6 21.
cxb6 Bd7 22. a4 Bc6 23. Qe3 e5 24. Rdd1 e4 25. Bg4 Bxa4 26. Rd4 Bc6 27. h3 g6
28. Bd1 Rd7 29. Bb3 Rbd8 30. Red1 Rd6 31. Qg3 R8d7 32. c4 Rd8 33. cxd5 Bb5 34.
Rxe4 Rxb6 35. Rde1 Qxb2 36. Re7 Rdd6 37. R1e3 Qf6 38. Rc7 Bd7 39. Rf3 Qe7 40.
h4 h5 41. Kh2 Kg7 42. Qf4 Qf6 43. Qg3 Bf5 44. Rf4 Qe5 45. Bc2 Rf6 46. Rfc4
Qxg3+ 47. Kxg3 Bxc2 48. Rxc2 Rfd6 49. R2c5 Kf6 50. Kf3 Ke5 51. Rxf7 Rf6+ 52.
Rxf6 Rxf6+ 53. Ke3 Kd6 54. Ra5 Rf5 55. f4 Rxd5 56. Ra2 a5 57. Ke4 Rb5 58. Rd2+
Ke6 59. Rd8 Rb4+ 60. Kf3 a4 61. Re8+ Kf6 62. Rf8+ Kg7 63. Ra8 b5 64. Ra6 Rb3+
65. Ke4 a3 66. f5 Rb4+ 67. Ke5 Ra4 68. Rxg6+ Kh7 69. Rb6 Ra7 70. Kf4 a2 71. Kg5
a1=Q 72. Rh6+ Kg8 73. Rb6 Rg7+ 74. Kxh5 Qd1+ 75. Kh6 Qd2+ 0-1

[Event "VI Weekend A"]
[Site "Ceriano Laghetto ITA"]
[Date "1997.02.??"]
[Round "4"]
[White "Barlocco, Carlo"]
[Black "Caloni, Ugo"]
[Result "1-0"]
[WhiteElo "2150"]
[BlackElo "2190"]
[PlyCount "77"]
[EventDate "1997.02.01"]

1. e4 c5 2. Nf3 a6 3. c3 d5 4. exd5 Qxd5 5. d4 e6 6. Be3 Nf6 7. dxc5 Qxd1+ 8.
Kxd1 Ng4 9. b4 Nxe3+ 10. fxe3 Bd7 11. Nbd2 a5 12. Nc4 axb4 13. cxb4 Nc6 14.
Nfe5 Nxe5 15. Nxe5 Ba4+ 16. Kc1 Be7 17. Nc4 Bb3 18. Nb6 Ra7 19. Bb5+ Kf8 20.
Kb2 Bd5 21. Nxd5 exd5 22. Rad1 b6 23. cxb6 Rb7 24. Rxd5 Rxb6 25. Rc1 g6 26. Kb3
Kg7 27. a4 Rhb8 28. Rd7 Re6 29. Re1 Kh6 30. e4 f5 31. e5 Rbb6 32. Re2 Bf8 33.
Kc4 Rb8 34. Rf7 Reb6 35. Rxf8 Rxf8 36. e6 Rc8+ 37. Kd5 Rxb5+ 38. axb5 Kg7 39.
b6 1-0

[Event "VI Weekend A"]
[Site "Ceriano Laghetto ITA"]
[Date "1997.02.??"]
[Round "4"]
[White "Berra, Davide"]
[Black "Duarte, Riccardo"]
[Result "1-0"]
[WhiteElo "1986"]
[BlackElo "2010"]
[PlyCount "105"]
[EventDate "1997.02.01"]

1. d4 d5 2. Nf3 Nf6 3. Bg5 Ne4 4. Bf4 e6 5. e3 Bd6 6. Bg3 Nxg3 7. hxg3 Nd7 8.
Nc3 c5 9. e4 dxe4 10. Nxe4 Be7 11. Qd3 Qa5+ 12. c3 cxd4 13. Nxd4 Ne5 14. Qc2
Bd7 15. Be2 a6 16. Kf1 Nc6 17. Nf3 Rc8 18. Kg1 Nb4 19. Qb1 Nd5 20. c4 Nf6 21.
Nc3 Qc5 22. a3 Ng4 23. Ne4 Qa7 24. Nfd2 Nf6 25. Qd3 Qb6 26. b4 h6 27. Rd1 Ba4
28. Rc1 Rd8 29. Qb1 Qd4 30. c5 Bc6 31. Bf3 Nxe4 32. Nxe4 f5 33. Nc3 O-O 34. Qb3
Qe5 35. Kh2 Bxf3 36. gxf3 f4 37. g4 Rd2 38. Ne4 Rd5 39. Kg2 Rfd8 40. Nc3 Rd2
41. Rce1 Qf6 42. Ne4 Qf7 43. Nxd2 Rxd2 44. Qxe6 Qxe6 45. Rxe6 Bf6 46. Rb6 Bd4
47. Rf1 Ra2 48. Rxb7 Rxa3 49. Rd1 Be5 50. Rd5 Bf6 51. c6 Rc3 52. c7 Kh7 53. Rc5
1-0

[Event "VI Weekend A"]
[Site "Ceriano Laghetto ITA"]
[Date "1997.02.??"]
[Round "4"]
[White "Colombo, Alberto"]
[Black "Sgnaolin, Davide"]
[Result "1/2-1/2"]
[WhiteElo "2100"]
[BlackElo "2065"]
[PlyCount "102"]
[EventDate "1997.02.01"]

1. Nf3 Nf6 2. d4 e6 3. Bg5 d5 4. e3 Be7 5. Bd3 b6 6. c3 Bb7 7. Nbd2 Nbd7 8. Qa4
h6 9. Bh4 O-O 10. Ne5 Nxe5 11. dxe5 Nd7 12. Bxe7 Qxe7 13. Qf4 f6 14. exf6 Qxf6
15. Qxf6 Rxf6 16. f4 e5 17. O-O exf4 18. exf4 Nc5 19. Bc2 Re8 20. Rae1 Rxe1 21.
Rxe1 Rxf4 22. Re7 Kf8 23. Rxc7 d4 24. g3 d3 25. Bxd3 Rf7 26. Rxf7+ Kxf7 27. Bc2
Bd5 28. b4 Nd7 29. c4 Bb7 30. Kf2 Ke6 31. Ke3 Ke5 32. Be4 Bxe4 33. Nxe4 Nb8 34.
Nd2 Nc6 35. Nf3+ Kd6 36. a3 a5 37. Nd4 Ne5 38. Nf5+ Ke6 39. Nxg7+ Kf7 40. Nf5
Nxc4+ 41. Kd4 Nxa3 42. bxa5 bxa5 43. Nxh6+ Kg6 44. Ng4 Nc2+ 45. Kd3 Ne1+ 46.
Ke2 Nc2 47. Ne3 Nd4+ 48. Kd3 Nf3 49. h4 Kh5 50. Nf5 Nxh4 51. Ne3 Ng2 1/2-1/2

[Event "VI Weekend A"]
[Site "Ceriano Laghetto ITA"]
[Date "1997.02.??"]
[Round "4"]
[White "Giretti Kanev, Jasen"]
[Black "Perissinotto, Claudio"]
[Result "1-0"]
[WhiteElo "2165"]
[BlackElo "2029"]
[PlyCount "25"]
[EventDate "1997.02.01"]

1. Nf3 Nf6 2. d4 d5 3. c4 e6 4. Nc3 Be7 5. Bf4 O-O 6. e3 c5 7. Be2 cxd4 8. Nxd4
Nc6 9. cxd5 exd5 10. O-O Qb6 11. Ndb5 Be6 12. a3 Rac8 13. Bc7 1-0

[Event "VI Weekend A"]
[Site "Ceriano Laghetto ITA"]
[Date "1997.02.??"]
[Round "4"]
[White "Lovati, Paolo"]
[Black "Everet, Alexandro"]
[Result "1-0"]
[WhiteElo "1981"]
[BlackElo "2135"]
[PlyCount "103"]
[EventDate "1997.02.01"]

1. Nf3 d5 2. g3 g6 3. Bg2 Bg7 4. O-O Nf6 5. d4 Bf5 6. c4 c6 7. cxd5 cxd5 8. Qb3
O-O 9. Qxb7 Nbd7 10. Qb3 Rb8 11. Qd1 Bxb1 12. Rxb1 Ne4 13. Bf4 Rb7 14. Nd2 f5
15. Nxe4 fxe4 16. f3 Qb6 17. e3 h6 18. h4 exf3 19. Bxf3 Qa5 20. Qc2 e6 21. Qxg6
Rf6 22. Qc2 Nb6 23. b3 Qb4 24. Rbc1 Rbf7 25. Bg2 Qf8 26. Qc5 Qe8 27. a4 Bf8 28.
Qc6 Qd8 29. Be5 Rxf1+ 30. Rxf1 Rxf1+ 31. Bxf1 Kf7 32. Qc2 Qe7 33. h5 Qg5 34.
Qh7+ Bg7 35. Qxg7+ Qxg7 36. Bxg7 Kxg7 37. a5 Nd7 38. b4 Kf6 39. Kf2 Kg5 40. Bh3
Kf6 41. e4 dxe4 42. Ke3 Nb8 43. b5 Nd7 44. d5 Ke5 45. Bxe6 Nc5 46. b6 axb6 47.
axb6 Na6 48. g4 Nb4 49. b7 Na6 50. g5 hxg5 51. h6 Kf6 52. d6 1-0

[Event "VI Weekend A"]
[Site "Ceriano Laghetto ITA"]
[Date "1997.02.??"]
[Round "4"]
[White "Marinescu, Marian"]
[Black "Castaldo, Folco"]
[Result "0-1"]
[WhiteElo "2115"]
[BlackElo "1987"]
[PlyCount "58"]
[EventDate "1997.02.01"]

1. d4 g6 2. e4 Bg7 3. Nc3 c6 4. Bc4 d5 5. exd5 b5 6. Bb3 b4 7. Na4 cxd5 8. Nf3
Nf6 9. O-O O-O 10. c4 bxc3 11. Nxc3 Nc6 12. Ne5 Bb7 13. Nxc6 Bxc6 14. Re1 e6
15. Bf4 Rc8 16. Rc1 Ne4 17. Nxe4 dxe4 18. Be5 Bxe5 19. dxe5 Qg5 20. Rc5 e3 21.
g3 exf2+ 22. Kxf2 Rfd8 23. Qc1 Rd2+ 24. Re2 Qf5+ 25. Ke1 Rxe2+ 26. Kxe2 Qf3+
27. Ke1 Qh1+ 28. Kf2 Qxh2+ 29. Kf1 Bb5+ 0-1

[Event "VI Weekend A"]
[Site "Ceriano Laghetto ITA"]
[Date "1997.02.??"]
[Round "4"]
[White "Pace, Roberto"]
[Black "Tomasini, Giovanni"]
[Result "0-1"]
[WhiteElo "1887"]
[BlackElo "1996"]
[PlyCount "110"]
[EventDate "1997.02.01"]

1. e4 c5 2. Nf3 d6 3. Bc4 e6 4. Qe2 Nc6 5. c3 Nf6 6. d3 Be7 7. O-O a6 8. Bb3
O-O 9. Re1 b5 10. Nbd2 Na5 11. Bc2 Qc7 12. Nf1 Bb7 13. Ng3 Rac8 14. Bf4 Rfe8
15. Rad1 Nc6 16. Bb1 Nd8 17. d4 cxd4 18. cxd4 Qc4 19. Qd2 Nc6 20. b3 Qb4 21.
Qb2 Qa5 22. Bd2 b4 23. h3 Na7 24. Bd3 Nb5 25. Ra1 Na3 26. Be3 Rc3 27. Qe2 Rec8
28. Rac1 Nb5 29. e5 dxe5 30. dxe5 Nd5 31. Rcd1 g6 32. Bh6 Qb6 33. Qe4 Ndc7 34.
Qg4 Bxf3 35. Qxf3 Nd4 36. Qf4 Nc2 37. Re2 Nd5 38. Bc4 Rxg3 39. Qxg3 Nc3 40.
Red2 Nxd1 41. Rxd1 Nd4 42. Qg4 Nf5 43. Bg5 Bc5 44. Qf4 h6 45. Bf6 g5 46. Qf3
Nh4 47. Qg3 Nf5 48. Qf3 Bd4 49. Rf1 Qb8 50. Qe4 Qa8 51. Qg4 Qb8 52. Qe2 Ng3 53.
Qd3 Nf5 54. g4 Nh4 55. Qxd4 Nf3+ 0-1

[Event "VI Weekend A"]
[Site "Ceriano Laghetto ITA"]
[Date "1997.02.??"]
[Round "4"]
[White "Qendro, Llambi"]
[Black "Contin, Daniel"]
[Result "1/2-1/2"]
[WhiteElo "2335"]
[BlackElo "2320"]
[PlyCount "119"]
[EventDate "1997.02.01"]

1. d4 Nf6 2. c4 e6 3. Nc3 Bb4 4. Qc2 O-O 5. Bg5 h6 6. Bh4 d6 7. Nf3 Nbd7 8. e3
b6 9. Bd3 Bb7 10. O-O Bxc3 11. Qxc3 g5 12. Bg3 Ne4 13. Bxe4 Bxe4 14. Nd2 Bg6
15. e4 Nf6 16. Rae1 Nh5 17. f4 f5 18. exf5 Bxf5 19. fxg5 Qxg5 20. Nf3 Qg7 21.
Nh4 Nxg3 22. hxg3 Bg4 23. Qd3 Rxf1+ 24. Rxf1 Rf8 25. Rxf8+ Kxf8 26. Qe4 Kf7 27.
Kh2 a5 28. b3 Ke8 29. a3 Kd7 30. b4 axb4 31. axb4 h5 32. c5 bxc5 33. bxc5 d5
34. Qd3 e5 35. Qb5+ Kd8 36. c6 exd4 37. Qxd5+ Ke7 38. Nf3 Bxf3 39. Qd7+ Kf8 40.
Qd8+ Kf7 41. Qxc7+ Kg6 42. Qxg7+ Kxg7 43. gxf3 d3 44. c7 d2 45. c8=Q d1=Q 46.
Qf5 Kh6 47. Qe6+ Kg7 48. f4 Kf8 49. Qf6+ Kg8 50. Qg6+ Kf8 51. Qe4 Qf1 52. Qf5+
Kg7 53. Qg5+ Kf8 54. Qxh5 Qf2+ 55. Kh3 Qf1+ 56. Kh4 Qh1+ 57. Kg5 Qd5+ 58. f5
Qd2+ 59. Kh4 Qh2+ 60. Kg4 1/2-1/2

[Event "VI Weekend A"]
[Site "Ceriano Laghetto ITA"]
[Date "1997.02.??"]
[Round "5"]
[White "Castaldo, Folco"]
[Black "Qendro, Llambi"]
[Result "1/2-1/2"]
[WhiteElo "1987"]
[BlackElo "2335"]
[PlyCount "38"]
[EventDate "1997.02.01"]

1. e4 g6 2. d4 Bg7 3. Nc3 c6 4. h3 d5 5. Nf3 Nf6 6. Bd3 dxe4 7. Nxe4 Nxe4 8.
Bxe4 Nd7 9. O-O Nf6 10. Bd3 O-O 11. Re1 b6 12. c3 Bb7 13. Bf4 e6 14. Qe2 c5 15.
dxc5 bxc5 16. Rad1 Qa5 17. Bc4 Rfd8 18. Rxd8+ Rxd8 19. Ne5 Re8 1/2-1/2

[Event "VI Weekend A"]
[Site "Ceriano Laghetto ITA"]
[Date "1997.02.??"]
[Round "5"]
[White "Contin, Daniel"]
[Black "Lovati, Paolo"]
[Result "1-0"]
[WhiteElo "2320"]
[BlackElo "1981"]
[PlyCount "57"]
[EventDate "1997.02.01"]

1. c4 e5 2. Nc3 Nf6 3. Nf3 Qe7 4. Qc2 g6 5. d4 exd4 6. Nxd4 d6 7. Bg5 c6 8.
O-O-O Bg7 9. e4 O-O 10. Be2 Na6 11. h4 Nc5 12. Bf3 Ne6 13. Nxe6 Bxe6 14. c5 h6
15. cxd6 Qd7 16. Bf4 Ng4 17. Bxg4 Bxg4 18. f3 Be6 19. e5 Rfe8 20. Qd2 Kh7 21.
g4 Rad8 22. Ne4 b6 23. Bxh6 Bxe5 24. h5 f5 25. hxg6+ Kg8 26. Bf4 Bg7 27. Rh7
fxe4 28. Rdh1 Kf8 29. Bh6 1-0

[Event "VI Weekend A"]
[Site "Ceriano Laghetto ITA"]
[Date "1997.02.??"]
[Round "5"]
[White "Duarte, Riccardo"]
[Black "Tomasini, Giovanni"]
[Result "0-1"]
[WhiteElo "2010"]
[BlackElo "1996"]
[PlyCount "94"]
[EventDate "1997.02.01"]

1. e4 c5 2. f4 Nc6 3. Bb5 Nd4 4. Bc4 e6 5. c3 Nc6 6. Qe2 a6 7. Nf3 b5 8. Bb3
Bb7 9. d3 Be7 10. Be3 Rc8 11. Nbd2 Nf6 12. h3 O-O 13. O-O d5 14. e5 Nh5 15. Qf2
d4 16. cxd4 cxd4 17. Nxd4 Bh4 18. Qf3 Nxd4 19. Qxb7 Ne2+ 20. Kh2 Bg3+ 21. Kh1
Bxf4 22. Bxf4 Nhxf4 23. Qf3 Qxd3 24. Ne4 Qxe4 25. Qxe4 Ng3+ 26. Kh2 Nxe4 27.
Rxf4 Nd2 28. Bd1 Nc4 29. Bf3 Rb8 30. Re1 Nxb2 31. Be2 Na4 32. Bd3 Nc3 33. a3
Rbd8 34. Rf3 Nd5 35. Re4 g6 36. h4 Ne7 37. h5 Rd5 38. hxg6 fxg6 39. Rh3 Rf2 40.
Reh4 h5 41. Rg3 Kg7 42. Bxg6 Nxg6 43. Rxh5 Rf5 44. Rxf5 exf5 45. e6 Re5 46. Rf3
Kf6 47. g4 f4 0-1

[Event "VI Weekend A"]
[Site "Ceriano Laghetto ITA"]
[Date "1997.02.??"]
[Round "5"]
[White "Everet, Alexandro"]
[Black "Colombo, Alberto"]
[Result "1-0"]
[WhiteElo "2135"]
[BlackElo "2100"]
[PlyCount "73"]
[EventDate "1997.02.01"]

1. d4 Nf6 2. c4 e6 3. Nc3 Bb4 4. Bd2 O-O 5. Qc2 d5 6. e3 Nbd7 7. cxd5 exd5 8.
Bd3 c6 9. Nge2 Re8 10. O-O-O b5 11. Rdg1 Nb6 12. h3 Nc4 13. Be1 Qe7 14. g4 g6
15. g5 Ne4 16. Bxe4 Bxc3 17. Nxc3 dxe4 18. h4 Bf5 19. h5 a5 20. Ne2 gxh5 21.
Ng3 Bg6 22. Nxh5 Rec8 23. Qe2 c5 24. Nf6+ Kg7 25. Rxh7+ Bxh7 26. Qh5 Qxf6 27.
gxf6+ Kxf6 28. d5 Bg6 29. Qh4+ Ke5 30. Bc3+ Kd6 31. Qf6+ Kd7 32. Rxg6 fxg6 33.
Qf7+ Kd6 34. Qe6+ Kc7 35. Qc6+ Kb8 36. Qxb5+ Ka7 37. Qxc4 1-0

[Event "VI Weekend A"]
[Site "Ceriano Laghetto ITA"]
[Date "1997.02.??"]
[Round "5"]
[White "Perissinotto, Claudio"]
[Black "Berra, Davide"]
[Result "0-1"]
[WhiteElo "2029"]
[BlackElo "1986"]
[PlyCount "96"]
[EventDate "1997.02.01"]

1. e4 e6 2. d4 d5 3. Nd2 Nf6 4. e5 Nfd7 5. Bd3 c5 6. c3 Nc6 7. Ne2 cxd4 8. cxd4
f6 9. exf6 Nxf6 10. O-O Bd6 11. Nf3 Qc7 12. Bg5 O-O 13. Nc3 a6 14. Bh4 Nh5 15.
Bg3 Nxg3 16. hxg3 g6 17. Rc1 Qg7 18. Bb1 Bd7 19. Re1 Rae8 20. Qd2 Re7 21. Re2
Ref7 22. Rd1 h6 23. a3 b5 24. b4 Bc7 25. Na2 Bb6 26. Nc1 Rxf3 27. gxf3 Nxd4 28.
Qd3 Nxe2+ 29. Nxe2 g5 30. Kg2 Bc6 31. Nd4 Bxd4 32. Qxd4 Qxd4 33. Rxd4 e5 34.
Rd2 Kg7 35. Rc2 Rf6 36. Rc5 Kf8 37. Bd3 Ke7 38. a4 bxa4 39. Bxa6 Kd6 40. Ra5 d4
41. Be2 g4 42. Ra6 gxf3+ 43. Bxf3 Rxf3 44. b5 Rc3+ 45. bxc6 a3 46. c7+ Kxc7 47.
Rxh6 e4 48. Ra6 d3 0-1

[Event "VI Weekend A"]
[Site "Ceriano Laghetto ITA"]
[Date "1997.02.??"]
[Round "5"]
[White "Sgnaolin, Davide"]
[Black "Marinescu, Marian"]
[Result "1/2-1/2"]
[WhiteElo "2065"]
[BlackElo "2115"]
[PlyCount "82"]
[EventDate "1997.02.01"]

1. e4 e6 2. d4 d5 3. Nc3 Nf6 4. Bg5 Bb4 5. e5 h6 6. Bd2 Bxc3 7. bxc3 Ne4 8. Bd3
Nxd2 9. Qxd2 c5 10. f4 Nc6 11. Nf3 Qa5 12. c4 Qxd2+ 13. Kxd2 dxc4 14. Bxc4 cxd4
15. Bb5 Bd7 16. Bxc6 Bxc6 17. Nxd4 Rc8 18. Rab1 b6 19. Rb4 O-O 20. Rg1 Rfd8 21.
c3 Bd5 22. g3 Rc5 23. Rc1 Ra5 24. a4 Rc5 25. Ke3 Bc4 26. Rc2 f6 27. exf6 gxf6
28. Rd2 Rdc8 29. Ne2 Bxe2 30. Kxe2 Rxc3 31. Re4 R8c6 32. f5 e5 33. Rg4+ Kf8 34.
Rd8+ Ke7 35. Rgg8 Rc2+ 36. Kf1 Rc1+ 37. Kg2 R6c2+ 38. Kh3 h5 39. Rge8+ Kf7 40.
Rf8+ Kg7 41. Rg8+ Kf7 1/2-1/2

[Event "VI Weekend A"]
[Site "Ceriano Laghetto ITA"]
[Date "1997.02.??"]
[Round "6"]
[White "Barlocco, Carlo"]
[Black "Marinescu, Marian"]
[Result "0-1"]
[WhiteElo "2150"]
[BlackElo "2115"]
[PlyCount "102"]
[EventDate "1997.02.01"]

1. e4 e6 2. d4 d5 3. exd5 exd5 4. Bd3 c5 5. dxc5 Bxc5 6. Nf3 Nc6 7. O-O Nge7 8.
Nbd2 O-O 9. Nb3 Bb6 10. h3 Nf5 11. Bf4 Qf6 12. Qc1 h6 13. Re1 Nh4 14. Nxh4 Qxh4
15. Qd2 Qf6 16. c3 Rd8 17. Rad1 Be6 18. Bg3 d4 19. c4 Rac8 20. Rc1 Re8 21. Qf4
Bd8 22. Qxf6 Bxf6 23. a3 b6 24. Nd2 Bd7 25. Ne4 Be5 26. Nd6 Bxd6 27. Bxd6 Rxe1+
28. Rxe1 Na5 29. Rc1 Be6 30. c5 Nb3 31. Rc2 bxc5 32. Bc4 Bxc4 33. Rxc4 d3 34.
Bf4 d2 35. Bxd2 Nxd2 36. Ra4 Rc7 37. f4 Nb3 38. Rc4 Rd7 39. Rc3 Rd1+ 40. Kh2
Nd4 41. Rxc5 Ne6 42. Ra5 Nxf4 43. Rxa7 Rd2 44. Kg3 g5 45. b4 Rxg2+ 46. Kf3 Rh2
47. b5 Rb2 48. Kg4 Rb3 49. a4 Rb4 50. Kf5 Kg7 51. Ra6 Ng6 0-1

[Event "VI Weekend A"]
[Site "Ceriano Laghetto ITA"]
[Date "1997.02.??"]
[Round "6"]
[White "Colombo, Alberto"]
[Black "Duarte, Riccardo"]
[Result "1-0"]
[WhiteElo "2100"]
[BlackElo "2010"]
[PlyCount "133"]
[EventDate "1997.02.01"]

1. d4 d5 2. Nf3 c6 3. c3 Bf5 4. Qb3 Qc7 5. g3 Nd7 6. Bf4 Qb6 7. Nbd2 Ngf6 8.
Bg2 Nh5 9. Be3 e6 10. h3 Qxb3 11. axb3 Nhf6 12. g4 Bc2 13. Bf4 Ne4 14. Nxe4
Bxe4 15. O-O h5 16. g5 f6 17. h4 Be7 18. Bh3 Nf8 19. Nd2 fxg5 20. Bxg5 Bxg5 21.
hxg5 Bf5 22. Bg2 a6 23. e4 Bh7 24. f4 O-O-O 25. f5 dxe4 26. fxe6 Nxe6 27. Bh3
Rhe8 28. Rae1 Kb8 29. Bxe6 Rxe6 30. Rf7 Rg8 31. Nc4 Bg6 32. Rf4 Rge8 33. Ne5
R8e7 34. b4 Rxe5 35. dxe5 Rxe5 36. Rd1 Rxg5+ 37. Kf2 Bf5 38. Rd8+ Kc7 39. Rf8
g6 40. c4 Kd6 41. Rh4 Bg4 42. Rb8 Kc7 43. Rg8 Bf3 44. Rf4 Rg2+ 45. Ke3 Rxb2 46.
c5 Re2+ 47. Kd4 Rd2+ 48. Kc3 Rd3+ 49. Kc2 Rd7 50. Rxg6 Bd1+ 51. Kc1 e3 52. Re6
e2 53. Rff6 Rh7 54. Kd2 h4 55. Rh6 Rd7+ 56. Ke1 Bb3 57. Rxe2 b6 58. Re8 bxc5
59. bxc5 Kb7 60. Rxh4 a5 61. Rhh8 a4 62. Rb8+ Ka7 63. Ra8+ Kb7 64. Rhb8+ Kc7
65. Rb6 Rd5 66. Ra7+ Kd8 67. Rb8# 1-0

[Event "VI Weekend A"]
[Site "Ceriano Laghetto ITA"]
[Date "1997.02.??"]
[Round "6"]
[White "Contin, Daniel"]
[Black "Giretti Kanev, Jasen"]
[Result "1-0"]
[WhiteElo "2320"]
[BlackElo "2165"]
[PlyCount "95"]
[EventDate "1997.02.01"]

1. c4 e6 2. Nf3 Nf6 3. g3 d5 4. b3 c5 5. Bg2 Nc6 6. O-O d4 7. e3 e5 8. exd4
exd4 9. Re1+ Be7 10. d3 O-O 11. h3 Bf5 12. g4 Bd7 13. Bf4 Ne8 14. a3 a5 15. Ne5
Nxe5 16. Bxe5 Bc6 17. Bxc6 bxc6 18. Nd2 Bd6 19. Qe2 Rb8 20. Bxd6 Qxd6 21. Qe5
f6 22. Qxd6 Nxd6 23. Re6 Rfd8 24. Rae1 Kf8 25. Kg2 Re8 26. f4 a4 27. Rxe8+ Nxe8
28. Rb1 Ke7 29. bxa4 Rxb1 30. Nxb1 Kd6 31. Nd2 Kc7 32. Nb3 Kd6 33. Nd2 Kc7 34.
a5 Kb7 35. Nb3 Ka6 36. Kf3 g6 37. Nxc5+ Kxa5 38. Nb3+ Ka4 39. Nxd4 c5 40. Ne6
Kxa3 41. Ke4 Kb4 42. Kd5 f5 43. gxf5 gxf5 44. Ke5 h5 45. h4 Kc3 46. Nxc5 Ng7
47. Ne6 Ne8 48. c5 1-0

[Event "VI Weekend A"]
[Site "Ceriano Laghetto ITA"]
[Date "1997.02.??"]
[Round "6"]
[White "Lovati, Paolo"]
[Black "Sgnaolin, Davide"]
[Result "1/2-1/2"]
[WhiteElo "1981"]
[BlackElo "2065"]
[PlyCount "106"]
[EventDate "1997.02.01"]

1. c4 e6 2. g3 Nf6 3. Bg2 d5 4. Nf3 c5 5. b3 Nc6 6. O-O Be7 7. cxd5 exd5 8. d4
O-O 9. Bb2 Bg4 10. Ne5 cxd4 11. Nxc6 bxc6 12. Bxd4 Nd7 13. Nd2 Bf6 14. Nf3 Re8
15. Rc1 Re6 16. Bxf6 Qxf6 17. Qd4 Qg6 18. h3 Bxf3 19. Bxf3 Ne5 20. Bg2 Ree8 21.
Rc3 Nd7 22. e3 Qe6 23. Rfc1 Ne5 24. f4 Ng6 25. Rxc6 Qxe3+ 26. Qxe3 Rxe3 27.
Rc8+ Rxc8 28. Rxc8+ Nf8 29. Kf2 Rd3 30. Rc2 g6 31. Bf3 d4 32. Bd5 Nd7 33. Rc8+
Kg7 34. Rc7 Nb6 35. Rxf7+ Kg8 36. Rf5+ Kg7 37. Re5 Nxd5 38. Rxd5 Rd2+ 39. Kf3
Rxa2 40. Rxd4 Ra3 41. Rd7+ Kg8 42. Rb7 a5 43. Kg4 a4 44. bxa4 Rxa4 45. Kh4 Rc4
46. Re7 Ra4 47. Kg5 Ra5+ 48. Re5 Ra3 49. Kf6 h5 50. g4 hxg4 51. hxg4 Kh7 52.
Kg5 Ra7 53. Kf6 Ra4 1/2-1/2

[Event "VI Weekend A"]
[Site "Ceriano Laghetto ITA"]
[Date "1997.02.??"]
[Round "6"]
[White "Pace, Roberto"]
[Black "Perissinotto, Claudio"]
[Result "0-1"]
[WhiteElo "1887"]
[BlackElo "2029"]
[PlyCount "122"]
[EventDate "1997.02.01"]

1. e4 Nf6 2. Qe2 d6 3. Nf3 g6 4. g3 Bg7 5. Bg2 O-O 6. O-O c5 7. d3 Nc6 8. c3
Bd7 9. h3 Qc7 10. Nbd2 Rac8 11. Re1 Rfe8 12. Nc4 d5 13. Na3 dxe4 14. dxe4 h6
15. Bf4 e5 16. Bd2 Be6 17. Nh4 Rcd8 18. Be3 b6 19. b3 Ne7 20. Rad1 g5 21. Nf3
Nxe4 22. Nb1 Nd5 23. Bd2 Nxd2 24. Rxd2 e4 25. Qxe4 Nxc3 26. Rxd8 Rxd8 27. Nxc3
Bxc3 28. Rc1 Bf6 29. h4 Qd7 30. hxg5 hxg5 31. Re1 Qd3 32. Qa4 a6 33. Qc6 Qd6
34. Qb7 b5 35. Qe4 Qd5 36. Qe3 g4 37. Nh4 Qg5 38. Qe4 Bd5 39. Qe2 Bxg2 40. Nxg2
Rd2 41. Qe8+ Kg7 42. a4 Bd4 43. Ne3 Bxe3 44. Rxe3 Rd1+ 45. Re1 Rxe1+ 46. Qxe1
Qd5 47. axb5 axb5 48. Qe2 Qxb3 49. Qxg4+ Kf6 50. Qe4 Qd1+ 51. Kh2 Qd6 52. f4 c4
53. g4 c3 54. Kh3 b4 55. g5+ Kg7 56. f5 b3 57. f6+ Kg8 58. Qa8+ Qf8 59. Qd5 c2
60. Qc4 Qe8 61. g6 Qe6+ 0-1

[Event "VI Weekend A"]
[Site "Ceriano Laghetto ITA"]
[Date "1997.02.??"]
[Round "6"]
[White "Qendro, Llambi"]
[Black "Everet, Alexandro"]
[Result "1-0"]
[WhiteElo "2335"]
[BlackElo "2135"]
[PlyCount "85"]
[EventDate "1997.02.01"]

1. d4 d5 2. Nf3 e6 3. c4 Nf6 4. Bg5 Be7 5. Nc3 O-O 6. e3 b6 7. cxd5 exd5 8. Rc1
Bb7 9. Bb5 c6 10. Bd3 Nbd7 11. O-O Rc8 12. Bf5 Ra8 13. Qa4 g6 14. Bh3 b5 15.
Qc2 b4 16. Na4 Ne4 17. Bxe7 Qxe7 18. Bxd7 Qxd7 19. Nc5 Nxc5 20. Qxc5 b3 21.
axb3 f6 22. Ra1 a6 23. b4 Rfb8 24. Rfc1 Kg7 25. Ne1 Rc8 26. Nd3 Rc7 27. Qb6
Rac8 28. Nc5 Qe7 29. h3 Kh6 30. Nxa6 Bxa6 31. Rxa6 Rb7 32. Qc5 Qf7 33. Rxc6
Rxc6 34. Qxc6 Rxb4 35. Qd6 Rb7 36. Rc5 Rd7 37. Qf4+ g5 38. Qf5 Rd6 39. b4 Qb7
40. b5 Kg7 41. Qc8 Qxc8 42. Rxc8 Kg6 43. Kf1 1-0

[Event "VI Weekend A"]
[Site "Ceriano Laghetto ITA"]
[Date "1997.02.??"]
[Round "6"]
[White "Tomasini, Giovanni"]
[Black "Caloni, Ugo"]
[Result "0-1"]
[WhiteElo "1996"]
[BlackElo "2190"]
[PlyCount "76"]
[EventDate "1997.02.01"]

1. e4 c5 2. Nf3 a6 3. d4 cxd4 4. c3 dxc3 5. Nxc3 d6 6. Bc4 Nf6 7. Qe2 Bg4 8.
O-O Nbd7 9. Bf4 g6 10. Rfd1 Qa5 11. Nd5 Bg7 12. b4 Qd8 13. e5 Nxd5 14. Bxd5 O-O
15. exd6 exd6 16. Rac1 Ne5 17. Bxe5 Bxe5 18. Bxb7 Ra7 19. Bxa6 Bxf3 20. Qxf3
Rxa6 21. Qb3 Qa8 22. Rc2 Ra3 23. Qc4 Qa4 24. Rb1 Ra8 25. f4 Bf6 26. f5 Rxa2 27.
fxg6 hxg6 28. Rcc1 Qa7+ 29. Kh1 Ra1 30. h4 Rxb1 31. Rxb1 Qa2 32. Qe4 Qxb1+ 33.
Qxb1 Ra1 34. Qxa1 Bxa1 35. g4 Bf6 36. g5 Be5 37. Kg2 Kf8 38. Kf3 d5 0-1